| 000 | 00778nam a2200253 i 4500 | ||
|---|---|---|---|
| 001 | 178143 | ||
| 003 | ES-MaACL | ||
| 005 | 20250801201907.0 | ||
| 007 | t| | ||
| 008 | 110519s1965 sp r ||||1| spa d | ||
| 080 | _a33:2 | ||
| 080 | _a2:33 | ||
| 100 | 1 |
_aMarx, August. _9146614 |
|
| 245 | 1 | 0 |
_aHacia una teología de la economía / _cAugust Marx ; [versión castellana de José Mª Queralt]. |
| 260 |
_aBarcelona : _bHerder, _c1965. |
||
| 300 |
_a109 p. ; _c18 cm. |
||
| 490 | 1 |
_aPequeña biblioteca Herder ; _v72 |
|
| 650 | 0 | 7 |
_aEconomía _2embne _912006 |
| 650 | 0 | 7 |
_aTeología _2embne _917457 |
| 700 | 1 |
_aQueralt, José María. _9146591 |
|
| 830 | 0 |
_aPequeña biblioteca Herder ; _v72 _9190720 |
|
| 852 |
_aES-MaACL _jE-15166 _xOlim P-274 |
||
| 999 |
_c178143 _d178143 |
||